| 000 | 00356nam a22001457a 4500 | ||
|---|---|---|---|
| 003 | OSt | ||
| 008 | 231028b |||||||| |||| 00| 0 eng d | ||
| 041 | _aeng | ||
| 245 | _aIn the Company of the Saints | ||
| 250 | _a1st | ||
| 260 |
_aAhmedabad: _bNavajeevan Publishing House, _c1959. |
||
| 300 | _a56pages. | ||
| 700 |
_aMallik, Gurdial _95555 |
||
| 942 | _cBK | ||
| 999 |
_c17767 _d17767 |
||